Le sacrement de l'ordre / (Record no. 128295)
[ view plain ]
| 000 -LEADER | |
|---|---|
| fixed length control field | 01085cam a2200349 a 4500 |
| 001 - CONTROL NUMBER | |
| control field | 18493762 |
| 003 - CONTROL NUMBER IDENTIFIER | |
| control field | ARRUPE |
| 005 - DATE AND TIME OF LATEST TRANSACTION | |
| control field | 20181002123044.0 |
| 008 - FIXED-LENGTH DATA ELEMENTS--GENERAL INFORMATION | |
| fixed length control field | 150127s2015 fr b 000 0 fre |
| 010 ## - LIBRARY OF CONGRESS CONTROL NUMBER | |
| LC control number | 2015387452 |
| 020 ## - INTERNATIONAL STANDARD BOOK NUMBER | |
| International Standard Book Number | 9782755405712 |
| 020 ## - INTERNATIONAL STANDARD BOOK NUMBER | |
| International Standard Book Number | 2755405716 |
| 040 ## - CATALOGING SOURCE | |
| Original cataloging agency | DLC |
| Transcribing agency | DLC |
| 042 ## - AUTHENTICATION CODE | |
| Authentication code | pcc |
| 050 00 - LIBRARY OF CONGRESS CALL NUMBER | |
| Classification number | BX2240 |
| Item number | .P788 2014 |
| 300 ## - PHYSICAL DESCRIPTION | |
| Dimensions | 24 cm |
| 100 1# - MAIN ENTRY--PERSONAL NAME | |
| Personal name | Pompanon, Jean-Claude. |
| 9 (RLIN) | 42706 |
| 245 13 - TITLE STATEMENT | |
| Title | Le sacrement de l'ordre / |
| Statement of responsibility, etc | Jean-Claude Pompanon. |
| 260 ## - PUBLICATION, DISTRIBUTION, ETC. (IMPRINT) | |
| Place of publication, distribution, etc | Paris : |
| Name of publisher, distributor, etc | François-Xavier de Guibert, |
| Date of publication, distribution, etc | [2014] |
| 300 ## - PHYSICAL DESCRIPTION | |
| Extent | 490 p. ; |
| 504 ## - BIBLIOGRAPHY, ETC. NOTE | |
| Bibliography, etc | Includes bibliographical references. |
| 650 #0 - SUBJECT ADDED ENTRY--TOPICAL TERM | |
| Topical term or geographic name as entry element | Ordination |
| 9 (RLIN) | 25067 |
| 906 ## - LOCAL DATA ELEMENT F, LDF (RLIN) | |
| a | 7 |
| b | cbc |
| c | origres |
| d | 3 |
| e | ncip |
| f | 20 |
| g | y-gencatlg |
| 942 ## - ADDED ENTRY ELEMENTS (KOHA) | |
| Source of classification or shelving scheme | Library of Congress Classification |
| Koha item type | Monograph ( Printed materials) |
| Withdrawn status | Lost status | Source of classification or shelving scheme | Damaged status | Not for loan | Collection code | Home library | Current library | Shelving location | Date acquired | Total Checkouts | Full call number | Barcode | Date last seen | Price effective from | Koha item type |
|---|---|---|---|---|---|---|---|---|---|---|---|---|---|---|---|
| Library of Congress Classification | Main Collection | ARRUPE LIBRARY | ARRUPE LIBRARY | Main Collection | 02/10/2018 | BX2240 .P788 2014 | 46600003198 | 02/10/2018 | 02/10/2018 | Monograph ( Printed materials) |